[Event "GER OS-075 email"]
[Site "GER email"]
[Date "2008.04.12"]
[Round "?"]
[White "Kuhne, Rainer"]
[Black "Weist, Eckhard"]
[Result "1-0"]
[WhiteElo "2004"]
[BlackElo "1683"]
[PlyCount "25"]
[EventDate "2008.??.??"]
[EventType "tourn (corr)"]
[EventRounds "5"]
[EventCountry "GER"]
[SourceTitle "Corr 2011"]
[Source "ChessBase"]
[SourceDate "2010.08.31"]
[SourceVersion "1"]
[SourceVersionDate "2010.08.31"]
[SourceQuality "1"]

1. d4 Nf6 2. c4 e6 3. Nc3 Bb4 4. e3 0-0 5. Bd3 c5 6. Nf3 d5 7. 0-0 dxc4 8. Bxc4 Qe7 9. a3 Ba5 10. Bd2 Nc6 11. Re1 Rd8 12. Ne2 b6 13. Qc2 1-0